Líderes Europa s XIX - Estadísticas

Estadísticas generales
  • Esta prueba ha sido intentada 3 veces
  • La puntuación promedio es 2 de 49
Estadísticas de respuestas
Hint Respuesta % Correcto
Negociador Congreso Austria Metternich
67%
Expedición de los Mil 1860 Garibaldi
33%
Republicanismo Joven Italia 1831 Mazzini
33%
Negociador Congreso FR Talleyrand
33%
Unificación Valaquia y Moldavia 1859 = Rumanía Alexandru Juan Cuza
0%
Sociedades de las Familias (golpe de mano minoría armada) Auguste Blanqui
0%
Embajador FR Ems 1870 Benedetti
0%
Voyage en Icarie 1840 Cabet
0%
Negociador Congreso UK Castlereagh
0%
Idea FR intervenir en ESP Chateaubriand
0%
Decembrista 1825 Constantino Romanov
0%
República San Marcos 1848–1849 Daniele Manin
0%
Intervención ESP tras Verona Duque Angulema
0%
Aseinato precipita giro ultrarrealista Duque de Berry
0%
Carta Pueblo 1838 Feargus O’Connor
0%
Sindicato único alemán Ferdinand Lassalle
0%
Tª Cuatro Movimientos 1808 Fourier
0%
Ferrocarril George Stephenson
0%
Neogüelfismo 1843 Gioberti
0%
Darwinismo social Gobineau
0%
Negociador Congreso Prusia Hardenberg y Humboldt
0%
La Guerre Future 1898 Ivan Bloch
0%
Sección Francesa Internacional Obrera Jean Jaurès
0%
Desertor de Napoleón Joachim Murat
0%
Brote cólera Soho 1854 John Snow
0%
Virrey Polonia Congreso Józef Zajachek
0%
La conquista del Pan 1892 Kropotkin
0%
Políticas Bismarck para limitar influencia Iglesia 1873 Kulturkampf
0%
Revolución Hungría 1848 Lajos Kossuth
0%
Ley FR elima gremios Loi Allarde
0%
Ley FR impide corporaciones obreras Loi Le Chapelier
0%
Talleres sociales Louis Blanc
0%
Negociador Congreso Suecia Löwenhielm
0%
Dios y el Estado 1871 Mijaíl Bakunin
0%
Segundo Levantamiento Serbio 1815 Miloš Obrenović
0%
Negociador Congreso Rusia Nesselrode
0%
Carbonarios Dos Sicilias 1820 Nola
0%
La gran ilusión 1902 y 1910 Norman Angell
0%
Negociador Congreso Portugal Pedro de Sousa Holstein
0%
Negociador Congreso España Pedro Gómez Labrador
0%
PM deroga Corn Laws Peel
0%
Ordenanzas de Saint Cloud 1830 Polignac
0%
¿Qué es la Propiedad? 1840 Proudhon
0%
Gobierno Provisional Rumano 1848 Radulescu
0%
Manchesterianismo Richard Cobden
0%
Gran Unión Consolidada UK 1834 Robert Owen
0%
Nuevo Cristianismo 1825 Saint-Simon
0%
Proclamación R Italia 17 marzo 1861 Turín Victor Manuel II
0%
P Socialdemócrata Alemán 1875 Wilhelm Liebknecht y August Bebel
0%
No se encontraron pruebas coincidentes
Distribución de puntuación
Porcentaje de gente con cada puntuación
Porcentaje por número respondido
Historial de tus puntuaciones
No has intentado esta prueba.